| 000 | 01202nam a22002537a 4500 | ||
|---|---|---|---|
| 005 | 20090130123242.0 | ||
| 008 | 081007t xxu||||| |||| 00| 0 mar | ||
| 010 | _aMAR-20027 | ||
| 020 |
_c100.00 _a8174251707 |
||
| 035 | _aMR-12685 | ||
| 037 | _bDBAD / PUB | ||
| 040 |
_aDPL _bMR |
||
| 082 | _a616.33 | ||
| 100 | _aपाटील, बाजीराव | ||
| 245 |
_aपोटाचे आरोग्य तंदुरूस्तीसाठी पोटाचे व्यायाम / _cबाजीराव पाटील |
||
| 246 |
_aPotache Arogya Tandurustisathi Potache Vyayam _bby Bajirao Patil |
||
| 260 |
_aपुणे _bउत्कर्ष प्रकाशन _c2008 |
||
| 270 |
_a685, डेक्कन जिमखाना _bपुणे _e411004 |
||
| 300 |
_a112 पृ _c22सेमी (अजिल्द) |
||
| 650 | _aपोटाचे आरोग्य | ||
| 650 | _aStomach diseases | ||
| 942 |
_2ddc _cMR _mपाटील _h616.33 |
||
| 999 |
_c22359 _d22359 |
||